000
00249 a2200097 4500
001
35033
100
_a
Rao S
245
_a
Testing Commissioning Operation & Maintenance of electrical Equipment
260
_a
ND
_b
Khanna Pub
_c
090
_c
23181
_d
23181
942
_a
NUST-CAE
_c
M
_c
14649
999
_c
270106
_d
270106